[Event "Olimpiade 2024 - Donne"]
[Site "Budapest"]
[Date "20.09.2024"]
[Round "9.10"]
[Board "1"]
[White "Kosteniuk, Alexandra"]
[Black "Mammadzada, Gunay"]
[Result "0-1"]
[WhiteTitle "GM"]
[BlackTitle "IM"]
[WhiteElo "2483"]
[BlackElo "2433"]
[WhiteTeam "Switzerland"]
[BlackTeam "Azerbaijan"]
[WhiteFideId "4128125"]
[BlackFideId "13403729"]
[EventDate "2024.09.11"]

1. e4 e5 2. Nf3 Nc6 3. Bb5 a6 4. Ba4 Nf6 5. O-O Be7 6. d3 b5 7. Bb3 d6 8. a3 Na5
9. Ba2 c5 10. c3 O-O 11. Nbd2 Nc6 12. Re1 h6 13. Nf1 Re8 14. Ng3 Bf8 15. h3 Be6
16. d4 Bxa2 17. Rxa2 cxd4 18. cxd4 d5 19. Nxe5 Nxe5 20. dxe5 Nxe4 21. Bf4 g5 22.
Nxe4 dxe4 23. Bg3 Qxd1 24. Rxd1 Bg7 25. Rd6 h5 26. a4 h4 27. Bh2 Rac8 28. Ra1
Rc2 29. Rxa6 Rec8 30. Kf1 Rxb2 31. axb5 Rcc2 32. Bg1 Bxe5 33. Rc6 Rd2 34. Rc5 f6
35. b6 Rxb6 36. Re1 Rbb2 37. Rcc1 Bh2 38. Rcd1 Rxd1 39. Rxd1 Bf4 40. Re1 f5 41.
Ra1 Kf7 42. Rd1 Kg6 43. Ra1 Bd2 44. f3 e3 45. f4 g4 46. Ke2 Bc1+ 47. Kd3 Rd2+
48. Kc4 e2 49. Ra6+ Kh5 50. hxg4+ fxg4 51. Ra5+ Kg6 52. f5+ Kf7 53. Re5 Rd1 54.
Bf2 h3 55. gxh3 gxh3 56. Bg3 e1=Q 0-1

[Event "Olimpiade 2024 - Donne"]
[Site "Budapest"]
[Date "20.09.2024"]
[Round "9.10"]
[Board "2"]
[White "Fataliyeva, Ulviyya"]
[Black "Georgescu, Lena"]
[Result "1-0"]
[WhiteTitle "IM"]
[BlackTitle "FM"]
[WhiteElo "2378"]
[BlackElo "2266"]
[WhiteTeam "Azerbaijan"]
[BlackTeam "Switzerland"]
[WhiteFideId "13403052"]
[BlackFideId "1331973"]
[EventDate "2024.09.11"]

1. d4 Nf6 2. c4 e6 3. Nf3 d5 4. g3 Bb4+ 5. Bd2 Be7 6. Bg2 O-O 7. O-O Nbd7 8. Qc2
c6 9. Rc1 a5 10. a4 h6 11. Be1 Bd6 12. Nfd2 e5 13. cxd5 cxd5 14. Nc3 exd4 15.
Nxd5 Nxd5 16. Bxd5 Nf6 17. Bf3 Bh3 18. Bxb7 Ra7 19. Bf3 Re8 20. Nc4 Bb8 21. Rd1
Nh7 22. Bc3 Ng5 23. Rxd4 Nxf3+ 24. exf3 Rd7 25. Rh4 Be6 26. Nxa5 Bd5 27. Rg4 Be5
28. Nc6 Qc7 29. Nxe5 Rxe5 30. f4 Re6 31. Rxg7+ Kf8 32. Qh7 Qb7 33. Qg8+ Ke7 34.
Qxf7+ Kd8 35. Ba5+ Kc8 36. Rg8+ 1-0

[Event "Olimpiade 2024 - Donne"]
[Site "Budapest"]
[Date "20.09.2024"]
[Round "9.10"]
[Board "3"]
[White "Hryzlova, Sofiia"]
[Black "Beydullayeva, Govhar"]
[Result "0-1"]
[WhiteTitle "WIM"]
[BlackTitle "WGM"]
[WhiteElo "2188"]
[BlackElo "2395"]
[WhiteTeam "Switzerland"]
[BlackTeam "Azerbaijan"]
[WhiteFideId "14174669"]
[BlackFideId "13413015"]
[EventDate "2024.09.11"]

1. d4 Nf6 2. Nf3 d5 3. Bf4 c5 4. e3 Nc6 5. Nbd2 e6 6. c3 Be7 7. h3 Bd6 8. Bd3
Bxf4 9. exf4 Qb6 10. dxc5 Qxb2 11. Qc1 Qxc1+ 12. Rxc1 O-O 13. c4 Rd8 14. O-O Nb4
15. Bb1 Bd7 16. Ne5 Rac8 17. Nb3 Ba4 18. Na5 Rc7 19. Rc3 b6 20. cxb6 axb6 21.
Nb3 Rdc8 22. Rfc1 Ne8 23. Nd2 Nd6 24. a3 Na6 25. Ba2 b5 26. g4 bxc4 27. Rg3 Nc5
28. Bb1 Rb7 29. f5 Rb2 0-1

[Event "Olimpiade 2024 - Donne"]
[Site "Budapest"]
[Date "20.09.2024"]
[Round "9.10"]
[Board "4"]
[White "Balajayeva, Khanim"]
[Black "Manko, Mariia"]
[Result "1-0"]
[WhiteTitle "IM"]
[BlackTitle "WFM"]
[WhiteElo "2384"]
[BlackElo "2159"]
[WhiteTeam "Azerbaijan"]
[BlackTeam "Switzerland"]
[WhiteFideId "13406396"]
[BlackFideId "14199220"]
[EventDate "2024.09.11"]

1. e4 c5 2. Nf3 Nc6 3. Bb5 g6 4. O-O Bg7 5. d3 Nf6 6. Nc3 O-O 7. e5 Ne8 8. Bxc6
bxc6 9. Re1 Nc7 10. Na4 d6 11. h3 h6 12. c3 Ne6 13. Be3 dxe5 14. Nxc5 Qd5 15.
Qb3 Rd8 16. Qa3 Nf4 17. Bxf4 exf4 18. Rxe7 Bxh3 19. Re4 Bf8 20. Re5 Bxc5 21.
Qxc5 Qxd3 22. Qxc6 Bg4 23. Nd4 Qd2 24. Rb1 Rab8 25. Qf6 Rf8 26. f3 Bd7 27. Re2
Qd3 28. Rbe1 Qc4 29. Qd6 Bb5 30. a3 Qc8 31. Re7 Bc4 32. Rc7 Qa6 33. Qxa6 Bxa6
34. Rxa7 Bd3 35. Rd1 Bc4 36. Rc7 Ba2 37. Rd2 Rfe8 38. Kf2 g5 39. b4 Bb1 40. a4
h5 41. Ne2 Re3 42. Rcd7 Rbe8 43. a5 g4 44. Nxf4 gxf3 45. gxf3 R8e5 46. Nd5 Re1
47. a6 1-0

[Event "Olimpiade 2024 - Donne"]
[Site "Budapest"]
[Date "20.09.2024"]
[Round "9.11"]
[Board "1"]
[White "Munkhzul, Turmunkh"]
[Black "Theissl Pokorna, Regina"]
[Result "1-0"]
[WhiteTitle "WGM"]
[BlackTitle "WGM"]
[WhiteElo "2256"]
[BlackElo "2302"]
[WhiteTeam "Mongolia"]
[BlackTeam "Austria"]
[WhiteFideId "4901878"]
[BlackFideId "14902052"]
[EventDate "2024.09.11"]

1. e4 e5 2. Nf3 Nc6 3. Bb5 Nge7 4. O-O Ng6 5. d4 exd4 6. Nxd4 Bc5 7. Be3 Nxd4 8.
Bxd4 Qg5 9. Bxc5 Qxc5 10. Nc3 O-O 11. Qd2 d6 12. Rfe1 Bg4 13. Qe3 Qe5 14. Bf1 c6
15. h3 Be6 16. Rad1 Rfd8 17. Rd4 Rd7 18. Red1 Rad8 19. Ra4 b6 20. Rad4 Nf4 21.
Qg3 h6 22. Kh2 b5 23. Ne2 c5 24. R4d2 Nxe2 25. Bxe2 a6 26. f4 Qf6 27. f5 Bc4 28.
e5 dxe5 29. Rxd7 Rxd7 30. Rxd7 Bxe2 31. Qe3 Bf1 32. Qf3 Bc4 33. b3 1-0

[Event "Olimpiade 2024 - Donne"]
[Site "Budapest"]
[Date "20.09.2024"]
[Round "9.11"]
[Board "2"]
[White "Exler, Veronika"]
[Black "Munguntuul, Batkhuyag"]
[Result "0-1"]
[WhiteTitle "WIM"]
[BlackTitle "IM"]
[WhiteElo "2176"]
[BlackElo "2346"]
[WhiteTeam "Austria"]
[BlackTeam "Mongolia"]
[WhiteFideId "1620550"]
[BlackFideId "4900758"]
[EventDate "2024.09.11"]

1. e4 c5 2. c3 Nf6 3. e5 Nd5 4. d4 cxd4 5. Nf3 e6 6. cxd4 d6 7. Bc4 Nc6 8. O-O
Be7 9. Qe2 O-O 10. Nc3 dxe5 11. dxe5 Nxc3 12. bxc3 Bd7 13. Bd3 Qc7 14. Re1 Rfd8
15. Ng5 g6 16. Bf4 Be8 17. h4 Rd5 18. Bc4 Rc5 19. Ne4 Ra5 20. Nd6 Nxe5 21. Nxf7
Bxf7 22. Bxe5 Rxe5 23. Qxe5 Qxc4 24. h5 gxh5 25. Re3 h4 26. Re4 Qc6 27. Rae1 Rd8
28. c4 b6 29. Qf4 Qc5 30. Qg4+ Qg5 31. Qh3 Kf8 32. Qf3 Qf6 33. Rf4 Qg6 34. Rfe4
Rd6 35. Rg4 Qh5 36. Qe4 Qf5 37. Qa8+ Rd8 38. Qe4 Qxe4 39. Rgxe4 Bf6 40. Rf4 Ke7
41. Rfe4 Rd2 42. R1e2 Rxe2 43. Rxe2 Kd6 44. Re3 Bg6 45. Kf1 Bf5 46. Ke2 Kc5 47.
Ra3 a5 48. Rb3 Bd4 49. f4 Kxc4 0-1

[Event "Olimpiade 2024 - Donne"]
[Site "Budapest"]
[Date "20.09.2024"]
[Round "9.11"]
[Board "3"]
[White "Nomin-Erdene, Davaademberel"]
[Black "Schloffer, Jasmin-Denise"]
[Result "1-0"]
[WhiteTitle "IM"]
[BlackTitle "WIM"]
[WhiteElo "2319"]
[BlackElo "2168"]
[WhiteTeam "Mongolia"]
[BlackTeam "Austria"]
[WhiteFideId "4900782"]
[BlackFideId "1631209"]
[EventDate "2024.09.11"]

1. Nf3 Nf6 2. g3 d5 3. Bg2 c5 4. d3 e6 5. O-O Nc6 6. Nbd2 Be7 7. e4 b6 8. Re1
Bb7 9. e5 Nd7 10. Nf1 Qc7 11. Bf4 O-O-O 12. h4 h6 13. c3 Rdg8 14. Qd2 Qd8 15. h5
g5 16. hxg6 Rxg6 17. a3 h5 18. b4 h4 19. Rab1 Qg8 20. d4 c4 21. Ne3 Nf8 22. gxh4
Bxh4 23. Nxh4 Rxh4 24. Bg3 Rh8 25. Kf1 Rgh6 26. Ke2 Ng6 27. Ng4 R6h7 28. Nf6 Qg7
29. Nxh7 Rxh7 30. Qg5 Qf8 31. Rh1 Rg7 32. Qf6 Nce7 33. Rh2 Bc6 34. Rbh1 Qg8 35.
Bh3 Ba4 36. Kd2 Qf8 37. Bg4 Ng8 38. Qf3 Bd7 39. Bh4 Nxh4 40. Rxh4 Qe7 41. Qf4 f6
42. Rh8 fxe5 43. dxe5 Kb7 44. Bd1 a5 45. Bc2 axb4 46. axb4 d4 47. Qxd4 Bc6 48.
R1h7 Qg5+ 49. Qe3 Kc7 1-0

[Event "Olimpiade 2024 - Donne"]
[Site "Budapest"]
[Date "20.09.2024"]
[Round "9.11"]
[Board "4"]
[White "Hapala, Elisabeth"]
[Black "Mungunzul, Bat-Erdene"]
[Result "0-1"]
[WhiteTitle "WIM"]
[BlackTitle "WCM"]
[WhiteElo "2113"]
[BlackElo "2224"]
[WhiteTeam "Austria"]
[BlackTeam "Mongolia"]
[WhiteFideId "1622080"]
[BlackFideId "4902831"]
[EventDate "2024.09.11"]

1. e4 e5 2. Nf3 Nc6 3. Bb5 a6 4. Ba4 Nf6 5. O-O Be7 6. Re1 b5 7. Bb3 d6 8. c3
O-O 9. h3 Nb8 10. d4 Nbd7 11. Nbd2 Bb7 12. Bc2 Re8 13. Nf1 Bf8 14. Ng3 a5 15.
Bd3 b4 16. Bd2 exd4 17. cxd4 c5 18. d5 Ba6 19. Bxa6 Rxa6 20. Qc2 g6 21. Bg5 Bg7
22. Nf1 h6 23. Bf4 Nh5 24. Bh2 Qf6 25. Rab1 Nf4 26. N1d2 Ra7 27. Re3 a4 28. Nc4
g5 29. Nfd2 Ra6 30. Nf1 Qg6 31. Rc1 Bd4 32. Ree1 Nf6 33. Nfd2 N6xd5 34. Nf3 b3
35. axb3 Nb4 36. Qd1 Nfd3 37. Nxd4 cxd4 38. Qd2 Nxc1 39. Rxc1 Na2 40. Rd1 axb3
41. f3 Rc8 42. Qd3 Rac6 43. Qxb3 Rxc4 44. Qxa2 Rc1 45. Rxc1 Rxc1+ 46. Kf2 Rc2+
47. Kf1 g4 48. hxg4 Qg5 49. Bg3 Qd2 0-1

[Event "Olimpiade 2024 - Donne"]
[Site "Budapest"]
[Date "20.09.2024"]
[Round "9.12"]
[Board "1"]
[White "Injac, Teodora"]
[Black "Khamdamova, Afruza"]
[Result "1/2-1/2"]
[WhiteTitle "IM"]
[BlackTitle "WIM"]
[WhiteElo "2425"]
[BlackElo "2313"]
[WhiteTeam "Serbia"]
[BlackTeam "Uzbekistan"]
[WhiteFideId "932400"]
[BlackFideId "14210444"]
[EventDate "2024.09.11"]

1. d4 d5 2. Nf3 Nf6 3. Bf4 e6 4. e3 c5 5. Nbd2 Qb6 6. Rb1 Bd6 7. dxc5 Qxc5 8.
Bd3 Nbd7 9. b4 Qc7 10. Bxd6 Qxd6 11. c4 O-O 12. O-O b6 13. Qe2 Bb7 14. Rfd1 Qe7
15. e4 dxe4 16. Nxe4 Nxe4 17. Bxe4 Bxe4 18. Qxe4 Nf6 19. Qe2 Rfd8 20. a3 Qc7 21.
Ne5 h6 22. h3 a6 23. Qe3 Rac8 24. Rbc1 Rxd1+ 25. Rxd1 b5 26. c5 Nd5 27. Qd4 a5
28. f4 axb4 29. axb4 f6 30. Nd3 Ne7 31. Qd6 Kf7 32. Ra1 Nd5 33. Ra6 Qxd6 34.
Rxd6 Ke7 35. f5 Nc7 36. fxe6 Nxe6 37. Kf2 Ra8 38. Rb6 Ra2+ 39. Ke3 Nc7 40. Kf3
Ra3 41. Ke4 Rc3 42. Rd6 Ne6 43. g3 g6 44. Rb6 Rc4+ 45. Ke3 Nc7 46. Rd6 Ne6 47.
h4 h5 48. Rb6 Nd4 49. Nf4 Nc2+ 50. Kf3 Nxb4 51. Rxb5 Nc6 52. Rb7+ Ke8 53. Nxg6
Rxc5 54. Rh7 Ne5+ 55. Nxe5 Rxe5 56. Kf4 Kf8 57. Rb7 Kg8 1/2-1/2

[Event "Olimpiade 2024 - Donne"]
[Site "Budapest"]
[Date "20.09.2024"]
[Round "9.12"]
[Board "2"]
[White "Yakubbaeva, Nilufar"]
[Black "Gajcin, Marina"]
[Result "1/2-1/2"]
[WhiteTitle "WGM"]
[BlackTitle "WGM"]
[WhiteElo "2248"]
[BlackElo "2253"]
[WhiteTeam "Uzbekistan"]
[BlackTeam "Serbia"]
[WhiteFideId "14204487"]
[BlackFideId "949086"]
[EventDate "2024.09.11"]

1. d4 Nf6 2. Nf3 e6 3. c4 Bb4+ 4. Bd2 a5 5. a3 Bxd2+ 6. Qxd2 O-O 7. Nc3 d5 8. e3
b6 9. cxd5 exd5 10. Bd3 Bb7 11. O-O c5 12. b3 Nbd7 13. Rfc1 Qe7 14. Bb5 Ne4 15.
Qb2 Nxc3 16. Qxc3 Rfc8 17. Bxd7 Qxd7 18. Qb2 Qd6 19. Rab1 Ba6 20. dxc5 bxc5 21.
Qe5 Qxe5 22. Nxe5 Ra7 23. Rc3 Rac7 24. Rbc1 f6 25. Nd3 c4 26. bxc4 Rxc4 27. Rxc4
dxc4 28. Nf4 Rb8 29. Ne6 c3 30. f3 Rc8 31. Kf2 Bb5 32. Nd4 Ba4 33. Ke2 c2 34.
Kd2 Rd8 35. Kc3 Rc8+ 36. Kd2 Rd8 37. Kc3 Rc8+ 1/2-1/2

[Event "Olimpiade 2024 - Donne"]
[Site "Budapest"]
[Date "20.09.2024"]
[Round "9.12"]
[Board "3"]
[White "Mandura, Tijana"]
[Black "Malikova, Marjona"]
[Result "1-0"]
[WhiteTitle "WGM"]
[BlackTitle "WIM"]
[WhiteElo "2207"]
[BlackElo "2083"]
[WhiteTeam "Serbia"]
[BlackTeam "Uzbekistan"]
[WhiteFideId "16500270"]
[BlackFideId "14212463"]
[EventDate "2024.09.11"]

1. e4 e6 2. d4 d5 3. e5 c5 4. c3 Nc6 5. Nf3 Qb6 6. Be2 Bd7 7. O-O Rc8 8. dxc5
Bxc5 9. b4 Be7 10. Na3 a6 11. Rb1 Qc7 12. Bf4 Nh6 13. Bd3 b5 14. Nc2 Nd8 15. Rb3
f5 16. exf6 Qxf4 17. fxe7 Nc6 18. a4 Nxe7 19. axb5 axb5 20. Qe2 O-O 21. Ncd4 Rf6
22. Ne5 Be8 23. g3 Qg5 24. f4 Qh5 25. Qg2 Nef5 26. Be2 Ne3 27. Bxh5 Nxg2 28.
Bxe8 Ne3 29. Re1 1-0

[Event "Olimpiade 2024 - Donne"]
[Site "Budapest"]
[Date "20.09.2024"]
[Round "9.12"]
[Board "4"]
[White "Nadirjanova, Nodira"]
[Black "Eric, Jovana"]
[Result "1-0"]
[WhiteTitle "WIM"]
[BlackTitle "WGM"]
[WhiteElo "2059"]
[BlackElo "2162"]
[WhiteTeam "Uzbekistan"]
[BlackTeam "Serbia"]
[WhiteFideId "14201232"]
[BlackFideId "938238"]
[EventDate "2024.09.11"]

1. d4 d5 2. c4 c6 3. e3 Nf6 4. Nc3 e6 5. Nf3 Nbd7 6. Bd3 dxc4 7. Bxc4 b5 8. Bd3
b4 9. Ne4 Nxe4 10. Bxe4 Bb7 11. Qc2 Rc8 12. Nd2 Nf6 13. Bf3 Be7 14. O-O O-O 15.
Nb3 Nd7 16. Bd2 Ba6 17. Rfd1 Qb6 18. Rac1 c5 19. dxc5 Nxc5 20. Nxc5 Bxc5 21. Qb3
Rfd8 22. h3 h6 23. Be1 Qb5 24. Kh2 Bd6+ 25. g3 Rxc1 26. Rxc1 Qf1 27. Bg2 Qe2 28.
Kg1 Qb5 29. Rd1 Qe2 30. Rc1 Qb5 31. Rc2 Qb8 32. Rd2 Bb5 33. a3 a5 34. axb4 axb4
35. Rd4 e5 36. Rd1 Be8 37. Ra1 Qb6 38. Bd5 Bc5 39. Qc4 Qd6 40. e4 Qe7 41. Kg2
Rb8 42. Ra5 Bd6 43. Qa2 Bc5 44. b3 Kh7 45. Ra8 Rxa8 46. Qxa8 Bb5 47. Qc8 Bd7 48.
Qa6 g6 49. Qc4 Kg7 50. Bd2 Bd6 51. Qc1 g5 52. g4 Qd8 53. Qc4 Qe7 54. Be3 Be8 55.
Bc6 Bxc6 56. Qxc6 Qe6 57. Kf3 Qe7 58. Ke2 Qe6 59. Qc4 Qe7 60. Qd5 Qc7 61. Kf3
Qe7 62. Qc6 Qf6+ 63. Ke2 Qe6 64. Bb6 Qe7 65. Kd3 Qe6 66. Qd5 Qf6 67. Kc4 Be7 68.
Kb5 Qf3 69. Qxe5+ Bf6 70. Qg3 Qxe4 71. Qe3 Qb7 72. Kxb4 Bd8 73. Kb5 Qd5+ 74. Bc5
Qb7+ 75. Kc4 Qa6+ 76. Kc3 Bf6+ 77. Kd2 Qa1 78. Ke2 Qa6+ 79. Qd3 Qe6+ 80. Be3 Qe5
81. b4 Qb2+ 82. Bd2 Qe5+ 83. Kf1 Qa1+ 84. Kg2 Qa8+ 85. Qf3 Qc8 86. Qd5 Qc2 87.
b5 Qb2 88. Be3 Qc3 89. b6 Qb2 90. b7 Be5 91. Ba7 Kg6 92. Qe4+ f5 93. Qxf5+ Kg7
94. Qxe5+ Qxe5 95. b8=Q Qe4+ 96. Kh2 1-0

[Event "Olimpiade 2024 - Donne"]
[Site "Budapest"]
[Date "20.09.2024"]
[Round "9.13"]
[Board "1"]
[White "Brunello, Marina"]
[Black "Alinasab, Mobina"]
[Result "1/2-1/2"]
[WhiteTitle "IM"]
[BlackTitle "WGM"]
[WhiteElo "2348"]
[BlackElo "2336"]
[WhiteTeam "Italy"]
[BlackTeam "Iran"]
[WhiteFideId "822590"]
[BlackFideId "12528897"]
[EventDate "2024.09.11"]

1. e4 c5 2. Nf3 e6 3. g3 Nc6 4. Bg2 Nf6 5. Qe2 e5 6. c3 Be7 7. O-O O-O 8. Na3
Re8 9. d3 d6 10. Nc4 Bf8 11. Bg5 h6 12. Bxf6 Qxf6 13. a4 Be6 14. Nfd2 Qd8 15.
Ne3 a6 16. f4 f6 17. f5 Bf7 18. Nd5 Rb8 19. Bf3 Bxd5 20. exd5 Na5 21. Qf2 b6 22.
Be4 Qc7 23. b4 Nb7 24. b5 axb5 25. axb5 c4 26. Nxc4 Nc5 27. Nd2 Ra8 28. Qe3 Qb7
29. Nc4 Rxa1 30. Rxa1 Ra8 31. Qe1 Ra7 32. Qb1 Qa8 33. Rxa7 Qxa7 34. Bf3 Qc7 35.
Be2 Qa7 36. h4 Be7 37. Kh2 Bf8 38. Kh3 Be7 39. Bh5 Kf8 40. Qd1 Bd8 41. Nxd6 Qd7
42. Nf7 Qxd5 43. Nxd8 Qxd8 44. d4 exd4 45. cxd4 Ne4 46. Qb3 Qd7 47. Bg6 Nd6 48.
Qd5 Qc7 49. Kg4 Qd7 50. Bh7 Ke7 51. Qg8 h5+ 52. Kf4 Nf7 53. Ke3 Qc7 54. Qxg7
Qc3+ 55. Ke2 Qc2+ 56. Ke3 Qc3+ 57. Ke4 Qc2+ 58. Kf3 Qd3+ 1/2-1/2

[Event "Olimpiade 2024 - Donne"]
[Site "Budapest"]
[Date "20.09.2024"]
[Round "9.13"]
[Board "2"]
[White "Azali, Tannaz"]
[Black "Zimina, Olga"]
[Result "0-1"]
[WhiteTitle "WFM"]
[BlackTitle "IM"]
[WhiteElo "2125"]
[BlackElo "2302"]
[WhiteTeam "Iran"]
[BlackTeam "Italy"]
[WhiteFideId "12537721"]
[BlackFideId "4132190"]
[EventDate "2024.09.11"]

1. d4 Nf6 2. c4 e6 3. Nc3 Bb4 4. f3 d5 5. a3 Be7 6. e4 dxe4 7. fxe4 c5 8. d5
exd5 9. exd5 O-O 10. Be2 a6 11. Nf3 h6 12. O-O Bd6 13. Qc2 Re8 14. Bd2 Nbd7 15.
Rae1 Ne5 16. Nxe5 Bxe5 17. Bf3 Qc7 18. h3 Bd4+ 19. Kh1 Bxh3 20. Ne4 Nxe4 21.
Bxe4 Bg4 22. Bf4 Qd8 23. g3 Qd7 24. Bg2 g5 25. Bc1 Qd6 26. Qb3 b5 27. cxb5 Qg6
28. Be3 Qh5+ 29. Kg1 Rxe3 30. Rxe3 c4 0-1

[Event "Olimpiade 2024 - Donne"]
[Site "Budapest"]
[Date "20.09.2024"]
[Round "9.13"]
[Board "3"]
[White "Gueci, Tea"]
[Black "Karimi, Setayesh"]
[Result "0-1"]
[WhiteTitle "WIM"]
[BlackTitle "WFM"]
[WhiteElo "2199"]
[BlackElo "2105"]
[WhiteTeam "Italy"]
[BlackTeam "Iran"]
[WhiteFideId "872342"]
[BlackFideId "22555293"]
[EventDate "2024.09.11"]

1. e4 c5 2. Nf3 d6 3. d4 cxd4 4. Nxd4 Nf6 5. Nc3 a6 6. Be3 e5 7. Nb3 Be6 8. f3
h5 9. Nd5 Bxd5 10. exd5 g6 11. Qd2 Nbd7 12. O-O-O Nb6 13. Bg5 Be7 14. h4 Nbxd5
15. a3 Qc7 16. Kb1 O-O-O 17. c4 Nb6 18. Rc1 Kb8 19. Bd3 Na4 20. Rhe1 Rhe8 21.
Qc2 Nd7 22. Bxe7 Rxe7 23. g4 hxg4 24. fxg4 Ndc5 25. Nxc5 Nxc5 26. Be4 Qd7 27.
Rg1 Rh8 28. h5 gxh5 29. Bf5 Qc6 30. Rh1 h4 31. Rh3 Ne6 32. Qf2 Qc5 33. Qh2 Nd4
34. Be4 Qc8 35. Rxh4 Rg8 36. Qh3 Ne2 37. Rc2 Nf4 38. Qf3 Rc7 39. b3 Ne6 40. Qd1
Nd4 41. Rf2 Rh8 42. Rfh2 Rxh4 43. Rxh4 Qd8 44. Rh6 Rd7 45. Ka2 Qg5 46. Rh8+ Ka7
47. a4 Qf4 48. Bb1 Qf2+ 49. Ka3 d5 50. cxd5 Rxd5 51. Qc1 Nc6 52. Rh1 Qd4 53. Qg1
Kb6 54. Be4 Qxg1 55. Rxg1 Rd4 56. Re1 Nb4 57. Re2 a5 58. Kb2 f6 59. Kc3 Kc5 60.
Bxb7 Rxg4 61. Rf2 Rg3+ 62. Kd2 Rd3+ 63. Ke2 Rd6 64. Ke3 Rb6 65. Be4 Nd5+ 66. Kd2
Rxb3 67. Bxd5 Rb2+ 0-1

[Event "Olimpiade 2024 - Donne"]
[Site "Budapest"]
[Date "20.09.2024"]
[Round "9.13"]
[Board "4"]
[White "Behzad Nazif, Parva"]
[Black "Sala, Giulia"]
[Result "1/2-1/2"]
[WhiteTitle "WIM"]
[BlackTitle "WFM"]
[WhiteElo "2092"]
[BlackElo "2115"]
[WhiteTeam "Iran"]
[BlackTeam "Italy"]
[WhiteFideId "12563790"]
[BlackFideId "2840451"]
[EventDate "2024.09.11"]

1. d4 d5 2. Nf3 Nf6 3. g3 e6 4. Bg2 h6 5. O-O Bd6 6. c4 O-O 7. Qc2 b6 8. Nc3 Bb7
9. cxd5 exd5 10. Nb5 Nc6 11. Nxd6 cxd6 12. Bd2 Qd7 13. Rfc1 Rfc8 14. Qa4 a5 15.
Qb3 Ba6 16. e3 Bc4 17. Qd1 Ne4 18. Be1 f5 19. Nd2 Nb4 20. Nxc4 dxc4 21. Bxb4
axb4 22. Bxe4 fxe4 23. d5 Qf5 24. b3 Rf8 25. Rc2 cxb3 26. axb3 Rxa1 27. Qxa1
Qxd5 28. Rc7 Rf7 29. Rxf7 Kxf7 30. Qa4 b5 31. Qxb4 Kg6 32. Kg2 h5 33. h4 Kf5 34.
Qc3 Kg6 35. Qb4 Kf7 36. Qc3 Qc5 37. Qa5 b4 38. Qa8 d5 39. Qb7+ Kg6 40. Qd7 Kf6
41. Qd8+ Kf7 42. Qg5 g6 43. Qe5 Qc6 44. Qd4 Qd6 45. Kg1 Kg8 46. Qa7 Kf8 47. Kg2
Kg8 48. Qb7 Kf8 49. Qh7 Qf6 50. Qd7 1/2-1/2

[Event "Olimpiade 2024 - Donne"]
[Site "Budapest"]
[Date "20.09.2024"]
[Round "9.14"]
[Board "1"]
[White "Efroimski, Marsel"]
[Black "Corrales Jimenez, Zenia"]
[Result "1-0"]
[WhiteTitle "IM"]
[BlackTitle "WIM"]
[WhiteElo "2408"]
[BlackElo "2170"]
[WhiteTeam "Israel"]
[BlackTeam "Mexico"]
[WhiteFideId "2810964"]
[BlackFideId "3506355"]
[EventDate "2024.09.11"]

1. e4 c5 2. Nc3 Nc6 3. Bb5 Nd4 4. Nf3 e6 5. O-O a6 6. Bd3 Nc6 7. b3 g6 8. e5 Bg7
9. Re1 d5 10. exd6 Qxd6 11. Bb2 Nf6 12. Ne4 Qe7 13. Ne5 Nb4 14. Ng4 Nxg4 15.
Bxg7 Rg8 16. Qxg4 Rxg7 17. Qg3 Kf8 18. Nd6 Nxd3 19. Qxd3 Qc7 20. b4 cxb4 21. Qd4
Qe7 22. Qxb4 f5 23. c4 a5 24. Qa3 Kg8 25. Rab1 h6 26. d4 Qd7 27. c5 Ra6 28. Rb3
Re7 29. Rbe3 Qc6 30. d5 Qxd5 31. Nxc8 Rc7 32. Nb6 Qxc5 33. Qxc5 Rxc5 34. Rxe6
Rc6 35. Re8+ Kf7 36. R8e7+ Kf6 37. Nd7+ Kg5 38. Nb8 1-0

[Event "Olimpiade 2024 - Donne"]
[Site "Budapest"]
[Date "20.09.2024"]
[Round "9.14"]
[Board "2"]
[White "Miranda Rodriguez, Tania"]
[Black "Klinova, Masha"]
[Result "0-1"]
[WhiteTitle "WIM"]
[BlackTitle "IM"]
[WhiteElo "2090"]
[BlackElo "2227"]
[WhiteTeam "Mexico"]
[BlackTeam "Israel"]
[WhiteFideId "3510417"]
[BlackFideId "2802015"]
[EventDate "2024.09.11"]

1. e4 d6 2. d4 Nf6 3. Nc3 e5 4. Nf3 Nbd7 5. Bc4 Be7 6. a4 O-O 7. a5 exd4 8. Qxd4
Nc5 9. O-O Bg4 10. Nd2 c6 11. Re1 Re8 12. Nf1 Be6 13. Bxe6 Nxe6 14. Qd3 d5 15.
exd5 cxd5 16. Ng3 Bb4 17. Rd1 Bxa5 18. Nxd5 Nxd5 19. Qxd5 Bb6 20. Qxd8 Raxd8 21.
Be3 Bxe3 22. fxe3 a6 23. Kf2 Kf8 24. Rxd8 Rxd8 25. Ke2 Ke7 26. Rd1 Rxd1 27. Kxd1
Kd6 28. Kd2 Ke5 29. Kd3 Nc5+ 30. Kc4 b6 31. Kc3 Ne4+ 32. Nxe4 Kxe4 33. Kd2 h5
34. Ke2 h4 35. h3 a5 36. Kd2 f5 37. Ke2 g5 38. Kf2 b5 39. Ke2 a4 40. c3 g4 41.
Kd2 gxh3 0-1

[Event "Olimpiade 2024 - Donne"]
[Site "Budapest"]
[Date "20.09.2024"]
[Round "9.14"]
[Board "4"]
[White "Tec Rodas, Sofia Isavelina"]
[Black "Kochavi, Dana"]
[Result "0-1"]
[BlackTitle "WFM"]
[WhiteElo "1800"]
[BlackElo "2009"]
[WhiteTeam "Mexico"]
[BlackTeam "Israel"]
[WhiteFideId "5146402"]
[BlackFideId "2837137"]
[EventDate "2024.09.11"]

1. e4 c6 2. Nf3 d5 3. Nc3 Bg4 4. Be2 e6 5. O-O Nf6 6. e5 Nfd7 7. d4 Be7 8. h3
Bxf3 9. Bxf3 c5 10. Re1 Nc6 11. Be3 O-O 12. Rb1 Rc8 13. Bg4 cxd4 14. Bxd4 Nxd4
15. Qxd4 Rc4 16. Qd3 Bb4 17. Qg3 Nc5 18. Be2 Bxc3 19. bxc3 Ne4 20. Qf4 Rc7 21.
c4 Nc3 22. Rb4 a5 23. Rb3 Nxe2+ 24. Rxe2 dxc4 25. Rd2 Qe7 26. Rb6 Qa3 27. Qd4 c3
28. Rd3 Qxa2 29. Qd6 Qxc2 30. Kh2 Qxd3 31. Qxc7 Qd2 32. Rb3 c2 33. Rc3 Qxf2 34.
Rxc2 Qf4+ 35. Kg1 Qe4 36. Rc4 Qe1+ 37. Kh2 h6 38. Rc5 a4 39. Qxb7 a3 40. Qa6 Qe3
41. Ra5 Qf4+ 42. Kg1 Rd8 43. Qf1 Qxf1+ 44. Kxf1 Rd1+ 45. Ke2 Ra1 46. Ra7 Kh7 47.
Rxf7 a2 0-1

[Event "Olimpiade 2024 - Donne"]
[Site "Budapest"]
[Date "20.09.2024"]
[Round "9.15"]
[Board "1"]
[White "Francisco Guecamburu, Candela Be"]
[Black "Noshin, Anjum"]
[Result "1-0"]
[WhiteTitle "WGM"]
[BlackTitle "WFM"]
[WhiteElo "2294"]
[BlackElo "2085"]
[WhiteTeam "Argentina"]
[BlackTeam "Bangladesh"]
[WhiteFideId "160911"]
[BlackFideId "10218564"]
[EventDate "2024.09.11"]

1. e4 e5 2. Nf3 Nc6 3. Nc3 Nf6 4. Bb5 Bc5 5. O-O O-O 6. Nxe5 Nxe5 7. d4 Bd6 8.
f4 Neg4 9. e5 Bb4 10. f5 d6 11. exf6 Nxf6 12. Bg5 Bxc3 13. bxc3 d5 14. Bd3 Qd6
15. Qf3 c6 16. Rae1 h6 17. Bf4 Qd8 18. g4 c5 19. dxc5 Bd7 20. Be5 Bc6 21. Qf4
Ne4 22. Bxg7 Kxg7 23. Rxe4 dxe4 24. f6+ Kh7 25. Qf5+ Kg8 26. Qh5 Qd7 27. Rf5
Qxf5 28. gxf5 Kh7 29. Bc4 Be8 30. Kf2 Rd8 31. Ke3 Rc8 32. Qd1 Bc6 33. Qg4 Rg8
34. Qh5 Rg5 35. Qxf7+ Kh8 36. Qe6 Rf8 37. Qe7 Re8 38. f7 1-0